Statistiques concernant Brawlers 2023

Cliquez ici pour prendre le quiz!

Statistiques générales

  • Ce quiz a été pris 312 fois
    (191 depuis la dernière actualisation)
  • Le résultat moyen est 49 sur 69

Statistiques - réponses

RaretéBrawler% Correct
Premier brawlerShelly
96%
RareColt
89%
RareBull
88%
LégendaireLéon
86%
RareBartaba
85%
LégendaireCorbac
85%
RareEl Costo
85%
RareRosa
85%
LégendaireSpike
85%
RarePoco
84%
RareNita
83%
ChromatiqueSurge
83%
ÉpiqueBo
81%
ChromatiqueGaël
81%
Super RareJessie
81%
MythiqueMortis
81%
LégendaireÉmeri
78%
RareBrock
77%
ÉpiqueFrank
77%
Super RarePenny
77%
ÉpiquePolly
77%
Super RareDarryl
76%
ÉpiqueEdgar
76%
LégendaireAmbre
75%
Super RareDynamike
75%
LégendaireMeg
74%
ChromatiqueLou
73%
ÉpiquePam
73%
MythiqueTara
73%
Super RareTick
73%
ChromatiqueColette
72%
ÉpiqueBillie
71%
LégendaireChester
71%
MythiqueD'jinn
70%
Super RareRicochet
70%
ÉpiqueStu
70%
Super RareA.R.K.A.D.
69%
Super RareCarl
69%
ÉpiqueEliz@
69%
MythiqueMax
69%
ChromatiqueBelle
68%
ChromatiqueBuzz
68%
ChromatiqueFang
68%
Super RareJacky
68%
ChromatiqueCordelius
66%
ChromatiqueMaisie
65%
ChromatiqueMandy
65%
MythiqueMonsieur M.
65%
MythiqueByron
64%
ÉpiqueNani
64%
ÉpiqueBéa
63%
ChromatiqueAsh
62%
ChromatiqueMédor
62%
Super RareGus
61%
ChromatiqueBuster
60%
ChromatiqueEve
60%
ChromatiqueJanet
60%
ChromatiqueR-T
60%
ÉpiqueBonnie
58%
ÉpiqueGrom
58%
ChromatiqueSam
58%
MythiqueWally
58%
MythiqueWillow
56%
MythiqueGray
55%
ÉpiqueHank
53%
ChromatiqueLola
53%
ChromatiqueOtis
53%
ÉpiqueGriff
52%
MythiqueSqueak
52%

Distribution des résultats

Percentile par nombre de réponses

% des personnes avec chaque résultat

Votre développement - résultats

Vous n’avez pas pris ce quiz depuis la dernière actualisation